00541cam a22001697a 4500003000400000005001700004008004100021017004400062020001800106040003300124100002500157245008500182260003100267300002600298650002200324650002500346OSt20190703135502.0190703e201903 spc|||| |||| 0|0 0 spa|d aDL B 2206-2019bBiblioteca de Catalunya a9788499929439 aES-BaUAObcatcCDMRdES-BaBC1 aMontero, Rosad1951-13aEl Arte de la entrevista b: 40 años de preguntas y respuestas /cRosa Montero aBarcelona :bDebate,c2019 a382 p. :bil ;c23 cm 7aEntrevista2lemac04aFamososxEntrevistes